| 000 | 00429nam a2200133Ia 4500 | ||
|---|---|---|---|
| 008 | 230917s9999||||xx |||||||||||||| ||und|| | ||
| 040 |
_e167402 _aMAIN |
||
| 041 | _aEnglish | ||
| 082 | _a891.431731 HM761J | ||
| 100 | _aहुड्डा, मनोज प्रसाद | ||
| 245 | 0 | _aजलाओ मशाल-आग लगा दो ? | |
| 260 |
_aरोहतक _bआचार्य अकादमी _c2007 |
||
| 942 | _cHN | ||
| 999 |
_c132106 _d132106 |
||